Elements of Workshop Technology, Vol:1 Manufacturing Processes (Record no. 9309)
[ view plain ]
| 000 -LEADER | |
|---|---|
| fixed length control field | 00575cam a2200193ua 4500 |
| 003 - CONTROL NUMBER IDENTIFIER | |
| control field | OSt |
| 008 - FIXED-LENGTH DATA ELEMENTS--GENERAL INFORMATION | |
| fixed length control field | 250315b |||||||| |||| 00| 0 eng d |
| 020 ## - INTERNATIONAL STANDARD BOOK NUMBER | |
| ISBN | 8185099146 |
| 082 ## - DEWEY DECIMAL CLASSIFICATION NUMBER | |
| Classification number | 621.9 |
| Item number | HAJ/EL |
| 100 ## - MAIN ENTRY--AUTHOR NAME | |
| Personal name | Hajra Choudhury, S K. |
| 245 ## - TITLE STATEMENT | |
| Title | Elements of Workshop Technology, Vol:1 Manufacturing Processes |
| 250 ## - EDITION STATEMENT | |
| Edition statement | 10/ 15 Rev& Enl |
| 260 ## - PUBLICATION, DISTRIBUTION, ETC. (IMPRINT) | |
| Place of publication | Bombay : |
| Name of publisher | Media Promoters and Publishers Pvt Ltd , |
| Year of publication | 1993. |
| 300 ## - PHYSICAL DESCRIPTION | |
| Number of Pages | 657 ; .670 |
| 700 1# - ADDED ENTRY--PERSONAL NAME | |
| Personal name | Bhattacharya, S C. |
| 700 1# - ADDED ENTRY--PERSONAL NAME | |
| Personal name | Hajra Choudhury, A K. |
| 700 1# - ADDED ENTRY--PERSONAL NAME | |
| Personal name | Nirjhar Roy |
| 942 ## - ADDED ENTRY ELEMENTS (KOHA) | |
| Koha item type | Books |
| Withdrawn status | Lost status | Damaged status | Home library | Current library | Date acquired | Full call number | Accession Number | Koha item type | Shelving location | Collection code | Cost, normal purchase price | Source of acquisition |
|---|---|---|---|---|---|---|---|---|---|---|---|---|
| KAUAET | KAUAET | 07/04/2012 | 621.9 HAJ/EL | 18240 | Books | |||||||
| KAUAET | KAUAET | 17/03/1986 | 621.9 HAJ/EL | 15028 | Books | |||||||
| KAUAET | KAUAET | 07/04/2012 | 621.9 HAJ/EL | 21259 | Books | |||||||
| KAUAET | KAUAET | 07/04/2012 | 621.9 HAJ/EL | 21260 | Books | |||||||
| KAUAET | KAUAET | 17/03/1986 | 621.9 HAJ/EL | 15022 | Books | |||||||
| Withdrawn | KAUAET | KAUAET | 02/10/1986 | 621.9 HAJ/EL | 14777 | Books | ||||||
| KAUAET | KAUAET | 07/04/2012 | 621.9 HAJ/EL | BB 98 | Books | |||||||
| KAUAET | KAUAET | 07/04/2012 | 621.9 HAJ/EL | BB 99 | Books | |||||||
| KAUAET | KAUAET | 07/04/2012 | 621.9 HAJ/EL | 21323 | Books | |||||||
| KAUAET | KAUAET | 07/04/2012 | 621.9 HAJ/EL | 22124 | Books | Binding Shelf | ||||||
| KAUAET | KAUAET | 31/03/2012 | 621.9 HAJ/EL | 23158 | Books | General Stacks | Non-fiction | 250.00 | ||||
| KAUAET | KAUAET | 31/03/2012 | 621.9 HAJ/EL | 23159 | Books | General Stacks | Non-fiction | 250.00 | ||||
| KAUAET | KAUAET | 31/03/2012 | 621.9 HAJ/EL | 23160 | Books | General Stacks | Non-fiction | 250.00 | ||||
| KAUAET | KAUAET | 31/03/2012 | 621.9 HAJ/EL | 23161 | Books | General Stacks | Non-fiction | 250.00 | ||||
| KAUAET | KAUAET | 31/03/2012 | 621.9 HAJ/EL | 23162 | Books | General Stacks | Non-fiction | 250.00 | ||||
| KAUAET | KAUAET | 31/03/2012 | 621.9 HAJ/EL | 23163 | Books | General Stacks | Non-fiction | 250.00 | ||||
| KAUAET | KAUAET | 31/03/2012 | 621.9 HAJ/EL | 23164 | Books | General Stacks | Non-fiction | 250.00 | ||||
| KAUAET | KAUAET | 31/03/2012 | 621.9 HAJ/EL | 23165 | Books | General Stacks | Non-fiction | 250.00 | ||||
| KAUAET | KAUAET | 31/03/2012 | 621.9 HAJ/EL | 23166 | Books | General Stacks | Non-fiction | 250.00 | ||||
| KAUAET | KAUAET | 31/03/2012 | 621.9 HAJ/EL | 23167 | Books | General Stacks | Non-fiction | 250.00 | ||||
| KAUAET | KAUAET | 31/03/2012 | 621.9 HAJ/EL | 23168 | Books | General Stacks | Non-fiction | 250.00 | ||||
| KAUAET | KAUAET | 31/03/2012 | 621.9 HAJ/EL | 23169 | Books | General Stacks | Non-fiction | 250.00 | ||||
| KAUAET | KAUAET | 31/03/2012 | 621.9 HAJ/EL | 23170 | Books | General Stacks | Non-fiction | 250.00 | ||||
| KAUAET | KAUAET | 31/03/2012 | 621.9 HAJ/EL | 23171 | Books | General Stacks | Non-fiction | 250.00 | ||||
| KAUAET | KAUAET | 31/03/2012 | 621.9 HAJ/EL | 23172 | Books | General Stacks | Non-fiction | 250.00 | ||||
| KAUAET | KAUAET | 26/08/2016 | 621.9 HAJ/EL | BB 249 | Book Bank scheme for SC students | Scheme | 260.00 | Cosmo Books, Calicut. |
